What are the local political costs of centrally determined reforms of local government? (Record no. 109294)

000 -LEADER
fixed length control field 00442pab a2200157 454500
008 - FIXED-LENGTH DATA ELEMENTS--GENERAL INFORMATION
fixed length control field 180718b2015 xxu||||| |||| 00| 0 eng d
100 ## - MAIN ENTRY--PERSONAL NAME
Personal name Kjaer, Ulrik
245 ## - TITLE STATEMENT
Title What are the local political costs of centrally determined reforms of local government?
260 ## - PUBLICATION, DISTRIBUTION, ETC.
Date of publication, distribution, etc. 2015
300 ## - PHYSICAL DESCRIPTION
Extent p.100-118.
362 ## - DATES OF PUBLICATION AND/OR SEQUENTIAL DESIGNATION
Dates of publication and/or sequential designation Feb
650 ## - SUBJECT ADDED ENTRY--TOPICAL TERM
Topical term or geographic name entry element Local Government
700 ## - ADDED ENTRY--PERSONAL NAME
Personal name Klemmensen, Robert
773 ## - HOST ITEM ENTRY
Main entry heading Local Government Studies
909 ## -
-- 109299
Holdings
Withdrawn status Lost status Damaged status Not for loan Permanent Location Current Location Date acquired Serial Enumeration / chronology Barcode Date last seen Price effective from Koha item type
        Indian Institute of Public Administration Indian Institute of Public Administration 2018-07-19 Volume no: 41, Issue no: 1 AR109759 2018-07-19 2018-07-19 Articles

Powered by Koha